000
00320nam a2200121Ia 4500
008
180205s9999 xx 000 0 und d
020
_a
9781259255045
100
_a
Bodie, Zvi
245
_a
Essentials of Investments /
250
_a
10h ed
260
_a
New york :
_b
Mc Graw Hill education
_c
2017
300
_a
v, 735 pages
999
_c
354919
_d
354919